000 00735nam a22002657a 4500
005 20150327121148.0
007
008 091207s2010 nyua s 001 0 eng d
020 _a9780071625098
041 0 _aeng
080 _a004
100 1 _aBurns, Ed.
210 1 0 _aJavaServer faces 2.0
245 1 0 _aJavaServer faces 2.0
_cEd Burns, Chris Schalk ; with Neil Griffin.
260 _aNew York :
_bMcGraw-Hill,
_c2010.
300 _a722 f.
_bme il.;
_c23 cm
505 _aIndex: f. 693 - 722
630 0 0 _aJavaServer pages.
650 0 _aKompjuterat
650 0 _aWeb.
650 0 _aDizajn
700 1 _aSchalk, Chris.
700 1 _aGriffin, Neil.
942 _2udc
_cBK
999 _c562
_d562